[Event "Wch U10"]
[Site "Montesilvano"]
[Date "2024.11.23"]
[Round "8"]
[White "Ostapenko, Volodymyr"]
[Black "Hung, I Hsuan"]
[Result "1/2-1/2"]
[WhiteElo "1720"]
[BlackElo "1608"]
[PlyCount "44"]
[EventDate "2024.11.15"]
[EventType "swiss"]
[EventRounds "11"]
[EventCountry "ITA"]
[SourceTitle "CB48_2024"]
[SourceDate "2024.11.28"]
[SourceVersion "1"]
[SourceVersionDate "2024.11.28"]
[SourceQuality "1"]

1. e4 e5 2. Nf3 Nc6 3. d4 exd4 4. Bc4 Nf6 5. 0-0 h6 6. e5 d5 7. Bb5 Ne4 8. Nxd4 Bd7 9. Nxc6 Bxc6 10. Bxc6+ bxc6 11. Nd2 Nc5 12. Nf3 Be7 13. Re1 0-0 14. c3 Ne6 15. Nd4 Nxd4 16. cxd4 c5 17. Be3 cxd4 18. Bxd4 c5 19. Be3 d4 20. Bf4 Qd5 21. Qg4 Kh8 22. Rad1 Rab8 1/2-1/2

[Event "Wch U10"]
[Site "Montesilvano"]
[Date "2024.11.17"]
[Round "3"]
[White "Loberti, Tommaso"]
[Black "Hung, I Hsuan"]
[Result "1/2-1/2"]
[WhiteElo "1474"]
[BlackElo "1608"]
[PlyCount "43"]
[EventDate "2024.11.15"]
[EventType "swiss"]
[EventRounds "11"]
[EventCountry "ITA"]
[SourceTitle "CB48_2024"]
[SourceDate "2024.11.28"]
[SourceVersion "1"]
[SourceVersionDate "2024.11.28"]
[SourceQuality "1"]

1. e4 e5 2. Nf3 Nc6 3. Bb5 a6 4. Ba4 Nf6 5. 0-0 b5 6. Bb3 Be7 7. Re1 0-0 8. c3 h6 9. d4 d6 10. h3 Bb7 11. Nbd2 Re8 12. Nf1 Bf8 13. Ng3 Na5 14. Bc2 Qd7 15. dxe5 dxe5 16. Qxd7 Nxd7 17. Bd2 Nc4 18. Bc1 g6 19. b3 Nd6 20. Bd2 Nf6 21. Nh2 Rad8 22. Rad1 1/2-1/2

[Event "Wch U10"]
[Site "Montesilvano"]
[Date "2024.11.15"]
[Round "1"]
[White "Akramov, Khasan"]
[Black "Hung, I Hsuan"]
[Result "1-0"]
[WhiteElo "1835"]
[BlackElo "1608"]
[PlyCount "119"]
[EventDate "2024.11.15"]
[EventType "swiss"]
[EventRounds "11"]
[EventCountry "ITA"]
[SourceTitle "CB48_2024"]
[SourceDate "2024.11.28"]
[SourceVersion "1"]
[SourceVersionDate "2024.11.28"]
[SourceQuality "1"]

1. c4 Nf6 2. g3 e5 3. Bg2 Nc6 4. Nc3 Bc5 5. a3 a5 6. e3 0-0 7. Nge2 d6 8. 0-0 Be6 9. d4 exd4 10. exd4 Bxa3 11. d5 Bc5 12. dxe6 fxe6 13. Nf4 Re8 14. Re1 e5 15. Nfd5 Rf8 16. Rf1 Qd7 17. Nxf6+ Rxf6 18. Ne4 Qf7 19. Nxc5 dxc5 20. Bd5 Re6 21. Bxe6 Qxe6 22. Qd5 Qxd5 23. cxd5 Nd4 24. Be3 b6 25. Bxd4 exd4 26. Rfe1 Rd8 27. Re7 Rxd5 28. Rxc7 d3 29. Kf1 Rd4 30. Ke1 Re4+ 31. Kd2 Re2+ 32. Kxd3 Rxb2 33. Re1 Kf8 34. Re2 Rb4 35. Ree7 Rd4+ 36. Kc3 b5 37. Rf7+ Ke8 38. Rxg7 Kf8 39. Rxh7 Kg8 40. Rxc5 Ra4 41. Ra7 Rc4+ 42. Rxc4 bxc4 43. Kxc4 a4 44. Rxa4 Kg7 45. Ra6 Kf7 46. h4 Kg7 47. g4 Kf7 48. g5 Kg7 49. h5 Kg8 50. Ra7 Kh8 51. h6 Kg8 52. g6 Kf8 53. h7 Ke8 54. h8B Kf8 55. Ra8+ Ke7 56. g7 Kf7 57. g8B+ Ke7 58. Be5 Kd7 59. Bd5 Ke7 60. Ra7+ 1-0